El Imperialismo norteamericano y la crisis de la sociedad hondureña

Sparad:
Bibliografiska uppgifter
Huvudupphovsman: Carías, Marco Virgilio
Materialtyp: Text
Publicerad: Tegucigalpa: Coordinadora Regional de Investigaciones Económicas y Sociales
Taggar: Lägg till en tagg
Inga taggar, Lägg till första taggen!

MARC

LEADER 00000 a a2200000 04500
001 21432
003
040 |a CRAI/IIS  |c CRAI/IIS 
090 |a 094400  
100 |a Carías, Marco Virgilio  
245 |a El Imperialismo norteamericano y la crisis de la sociedad hondureña  
260 |a Tegucigalpa:   |b Coordinadora Regional de Investigaciones Económicas y Sociales  
300 |a 57 p.  
999 |c 8943  |d 8943